000 00819cam a2200229 a 4500
001 000003118
005 20200929150332.0
008 730327s1963 nju b 001 0 eng
040 _aDO-SdBNP
_bspa
_cBNPHU
082 _a811.3
_bE53
245 0 0 _aEmily Dickinson :
_ba collection of critical essays.
260 _aEnglewood Cliffs, N.J. :
_bPrentice-Hall,
_c1963.
300 _a183 p. ;
_c22 cm.
490 1 _aTwentieth century views
504 _aIncluye bibliografía.
650 4 _aPoesía estadounidense
_96278
650 4 _aMujeres en la literatura
_zEstados Unidos
_xHistoria
_ySIGLO XIX
_98712
600 1 0 _aDICKINSON, EMILY,
_d1830-1886
_xCRÍTICA E INTERPRETACIÓN
_98711
700 1 _aSewall, Richard Benson,
_eed.
_99812
700 1 _aMack, Maynard.
_d1909-
_eed.
_99813
830 0 _aTwentieth century views
_99814
999 _c2949
_d2949